000
00353nam a2200133Ia 4500
008
100328s9999 xx 000 0 und d
082
_b
31487
100
_a
देसाई रणजित.
245
_a
अभोगी
260
_b
अजब पुस्तकालय.
630
_a
अभोगी
730
_a
अभोगी
942
_c
BOOK
999
_c
522364
_d
522361